| 000 | 01481nam a2200301 c 4500 | ||
|---|---|---|---|
| 999 |
_c124422 _d124422 |
||
| 003 | BLK | ||
| 005 | 20221206135748.0 | ||
| 008 | 180409b bul|||||r ||||||| ||bul|| | ||
| 010 | _aKNG00130088000 | ||
| 040 | _aBLK | ||
| 041 |
_aBUL _cBUL |
||
| 080 |
_aБългарска литература _b821.163.2 _x-93-311.6 _z821.163.2-93-311.6 |
||
| 100 | 1 |
_aБолгар, Боян _eпърви автор _gХристов, Боян Димитров _9318803 |
|
| 139 |
_aБолгар, Боян _bБ 61 |
||
| 245 | 1 | 0 |
_aЗвездата на бан Батил _bРоман за юноши _cБоян Болгар ; худож. Стоян Шиндеров. |
| 257 | _aBGR | ||
| 260 |
_aСофия _bНар. младеж _c1980 _fВраца : В. Александров |
||
| 300 |
_a140 с. _bс ил. _c20 см |
||
| 380 | _aDX | ||
| 500 | _aИстинското име на авт. е Боян Димитров Христов. - 35 141 тир. - Кн. е продълж. на романа Стоте премеждия на бан Батил от същия авт. | ||
| 700 | 1 |
_aШиндеров, Стоян _eхудож. _9143446 |
|
| 700 | 1 |
_aХристов, Боян Димитров _e* _9318804 |
|
| 852 | _aЦб 104783 | ||
| 856 | 4 |
_qpdf _i0.00 _ldisable |
|
| 856 | 4 |
_qpdf _i0.00 _ldisable |
|
| 942 |
_cKNG _n0 _s1 |
||
| 944 |
_aCR _c26.04.2012 _l26.04.2012 - от С1,Р / 26.04.2012 _kИрена_Русанова |
||
| 944 |
_aED _c12.09.2017 _l26.04.2012 - от С1,Р / 26.04.2012 _kСевдалина_Василева |
||
| 999 | _d124422 | ||